Science Quiz

Random Science or Discovery Quiz

Aiming at the Moon Quiz Stats

 Plays Quiz Updated May 9, 2019

Score 0/12 Timer 04:00
3 Plays Today
% Correct
United States
94.2%
India
84.7%
United States
78.6%
China
74.7%
United States
72.4%
Japan
68.9%
United States
66.7%
USSR
66.5%
European SA
65.5%
USSR
54.1%
USSR
42.1%
Japan
38.3%

You're not logged in!

Compare scores with friends on all Sporcle quizzes.
OR
Log In

Sporcle TV

Today on Sporcle TV


Watch our educational content, quiz creation guides, and fun videos on Sporcle TV.

Show Comments

Extras

Top Quizzes Today


Score Distribution

Your Account Isn't Verified!

In order to create a playlist on Sporcle, you need to verify the email address you used during registration. Go to your Sporcle Settings to finish the process.

Report this User

Report this user for behavior that violates our Community Guidelines.

Details: